<?xml version="1.0" encoding="UTF-8"?>
<record
    xmlns:xsi="http://www.w3.org/2001/XMLSchema-instance"
    xsi:schemaLocation="http://www.loc.gov/MARC21/slim http://www.loc.gov/standards/marcxml/schema/MARC21slim.xsd"
    xmlns="http://www.loc.gov/MARC21/slim">

  <leader>00816nam a22001457a 4500</leader>
  <controlfield tag="003">OSt</controlfield>
  <controlfield tag="005">20160311153512.0</controlfield>
  <controlfield tag="008">160311b        xxu||||| |||| 00| 0 eng d</controlfield>
  <datafield tag="040" ind1=" " ind2=" ">
    <subfield code="c">RUA</subfield>
  </datafield>
  <datafield tag="082" ind1=" " ind2=" ">
    <subfield code="a">MNR UNG 2014 B469 Or.1</subfield>
  </datafield>
  <datafield tag="100" ind1=" " ind2=" ">
    <subfield code="9">7978</subfield>
    <subfield code="a">UNG SOEUN; &#x17A2;&#x17CA;&#x17BB;&#x1784; &#x179F;&#x17BF;&#x1793;</subfield>
  </datafield>
  <datafield tag="245" ind1=" " ind2=" ">
    <subfield code="a">Study on the situation of drought management adapts to the climate change in phnom sruoch district, kampong speeu province, &#x179F;&#x17B7;&#x1780;&#x17D2;&#x179F;&#x17B6;&#x179F;&#x17D2;&#x1790;&#x17B6;&#x1793;&#x1797;&#x17B6;&#x1796;&#x1793;&#x17C3;&#x1780;&#x17B6;&#x179A;&#x1782;&#x17D2;&#x179A;&#x1794;&#x17CB;&#x1782;&#x17D2;&#x179A;&#x1784;&#x1782;&#x17D2;&#x179A;&#x17C4;&#x17C7;&#x179A;&#x17B6;&#x17C6;&#x1784;&#x179F;&#x17D2;&#x1784;&#x17BD;&#x178F;&#x178A;&#x17BE;&#x1798;&#x17D2;&#x1794;&#x17B8;&#x1794;&#x1793;&#x17D2;&#x179F;&#x17BB;&#x17C6;&#x1791;&#x17C5;&#x1793;&#x17B9;&#x1784;&#x1780;&#x17B6;&#x179A;&#x1794;&#x17D2;&#x179A;&#x17C2;&#x1794;&#x17D2;&#x179A;&#x17BD;&#x179B;&#x17A2;&#x17B6;&#x1780;&#x17B6;&#x179F;&#x1792;&#x17B6;&#x178F;&#x17BB;&#x1793;&#x17C5;&#x1780;&#x17D2;&#x1793;&#x17BB;&#x1784;&#x179F;&#x17D2;&#x179A;&#x17BB;&#x1780;&#x1797;&#x17D2;&#x1793;&#x17C6;&#x179F;&#x17D2;&#x179A;&#x17BD;&#x1785; &#x1781;&#x17C1;&#x178F;&#x17D2;&#x178F;&#x1780;&#x17C6;&#x1796;&#x1784;&#x17CB;&#x179F;&#x17D2;&#x1796;&#x17BA;</subfield>
  </datafield>
  <datafield tag="300" ind1=" " ind2=" ">
    <subfield code="a">xiv,62p.</subfield>
    <subfield code="b">ill.</subfield>
    <subfield code="c">29cm.</subfield>
  </datafield>
  <datafield tag="942" ind1=" " ind2=" ">
    <subfield code="2">ddc</subfield>
    <subfield code="c">MNR</subfield>
  </datafield>
  <datafield tag="999" ind1=" " ind2=" ">
    <subfield code="c">7572</subfield>
    <subfield code="d">7572</subfield>
  </datafield>
  <datafield tag="952" ind1=" " ind2=" ">
    <subfield code="0">0</subfield>
    <subfield code="1">0</subfield>
    <subfield code="2">ddc</subfield>
    <subfield code="4">0</subfield>
    <subfield code="6">MNR_UNG_2014_000000000000000_B469_OR_1</subfield>
    <subfield code="7">0</subfield>
    <subfield code="9">45112</subfield>
    <subfield code="a">LBB</subfield>
    <subfield code="b">LBB</subfield>
    <subfield code="c">B469</subfield>
    <subfield code="d">2016-03-11</subfield>
    <subfield code="l">3</subfield>
    <subfield code="m">2</subfield>
    <subfield code="o">MNR UNG 2014 B469 Or.1</subfield>
    <subfield code="p">RUA055374</subfield>
    <subfield code="r">2016-08-20</subfield>
    <subfield code="s">2016-07-17</subfield>
    <subfield code="w">2016-03-11</subfield>
    <subfield code="y">MNR</subfield>
  </datafield>
  <datafield tag="952" ind1=" " ind2=" ">
    <subfield code="0">0</subfield>
    <subfield code="1">0</subfield>
    <subfield code="2">ddc</subfield>
    <subfield code="4">0</subfield>
    <subfield code="6">MNR_UNG_2014_000000000000000_B469_OR_2</subfield>
    <subfield code="7">0</subfield>
    <subfield code="9">45113</subfield>
    <subfield code="a">LBB</subfield>
    <subfield code="b">LBB</subfield>
    <subfield code="c">B469</subfield>
    <subfield code="d">2016-03-11</subfield>
    <subfield code="l">1</subfield>
    <subfield code="o">MNR UNG 2014 B469 Or.2</subfield>
    <subfield code="p">RUA055328</subfield>
    <subfield code="r">2016-08-21</subfield>
    <subfield code="s">2016-08-02</subfield>
    <subfield code="w">2016-03-11</subfield>
    <subfield code="y">MNR</subfield>
  </datafield>
  <datafield tag="952" ind1=" " ind2=" ">
    <subfield code="0">0</subfield>
    <subfield code="1">0</subfield>
    <subfield code="2">ddc</subfield>
    <subfield code="4">0</subfield>
    <subfield code="6">MNR_UNG_2014_000000000000000_B469_OR_3</subfield>
    <subfield code="7">0</subfield>
    <subfield code="9">45114</subfield>
    <subfield code="a">LBB</subfield>
    <subfield code="b">LBB</subfield>
    <subfield code="c">B469</subfield>
    <subfield code="d">2016-03-11</subfield>
    <subfield code="l">1</subfield>
    <subfield code="o">MNR UNG 2014 B469 Or.3</subfield>
    <subfield code="p">RUA055501</subfield>
    <subfield code="r">2026-02-20</subfield>
    <subfield code="s">2026-02-10</subfield>
    <subfield code="w">2016-03-11</subfield>
    <subfield code="y">MNR</subfield>
  </datafield>
  <datafield tag="952" ind1=" " ind2=" ">
    <subfield code="0">0</subfield>
    <subfield code="1">0</subfield>
    <subfield code="2">ddc</subfield>
    <subfield code="4">0</subfield>
    <subfield code="6">MNR_UNG_2014_000000000000000_B469_OR_4</subfield>
    <subfield code="7">0</subfield>
    <subfield code="9">45115</subfield>
    <subfield code="a">LBB</subfield>
    <subfield code="b">LBB</subfield>
    <subfield code="c">B469</subfield>
    <subfield code="d">2016-03-11</subfield>
    <subfield code="o">MNR UNG 2014 B469 Or.4</subfield>
    <subfield code="p">RUA055361</subfield>
    <subfield code="r">2016-03-11</subfield>
    <subfield code="w">2016-03-11</subfield>
    <subfield code="y">MNR</subfield>
  </datafield>
  <datafield tag="952" ind1=" " ind2=" ">
    <subfield code="0">0</subfield>
    <subfield code="1">0</subfield>
    <subfield code="2">ddc</subfield>
    <subfield code="4">0</subfield>
    <subfield code="6">MNR_UNG_2014_000000000000000_B469_OR_5</subfield>
    <subfield code="7">0</subfield>
    <subfield code="9">45116</subfield>
    <subfield code="a">LBB</subfield>
    <subfield code="b">LBB</subfield>
    <subfield code="c">B469</subfield>
    <subfield code="d">2016-03-11</subfield>
    <subfield code="o">MNR UNG 2014 B469 Or.5</subfield>
    <subfield code="p">RUA055506</subfield>
    <subfield code="r">2016-03-11</subfield>
    <subfield code="w">2016-03-11</subfield>
    <subfield code="y">MNR</subfield>
  </datafield>
  <datafield tag="952" ind1=" " ind2=" ">
    <subfield code="0">0</subfield>
    <subfield code="1">0</subfield>
    <subfield code="2">ddc</subfield>
    <subfield code="4">0</subfield>
    <subfield code="6">MNR_UNG_2014_000000000000000_B469_OR_6</subfield>
    <subfield code="7">0</subfield>
    <subfield code="9">45117</subfield>
    <subfield code="a">LBB</subfield>
    <subfield code="b">LBB</subfield>
    <subfield code="c">B469</subfield>
    <subfield code="d">2016-03-11</subfield>
    <subfield code="o">MNR UNG 2014 B469 Or.6</subfield>
    <subfield code="p">RUA055365</subfield>
    <subfield code="r">2016-03-11</subfield>
    <subfield code="w">2016-03-11</subfield>
    <subfield code="y">MNR</subfield>
  </datafield>
  <datafield tag="952" ind1=" " ind2=" ">
    <subfield code="0">0</subfield>
    <subfield code="1">0</subfield>
    <subfield code="2">ddc</subfield>
    <subfield code="4">0</subfield>
    <subfield code="6">MNR_UNG_2014_000000000000000_B469_OR_7</subfield>
    <subfield code="7">0</subfield>
    <subfield code="9">45118</subfield>
    <subfield code="a">LBB</subfield>
    <subfield code="b">LBB</subfield>
    <subfield code="c">B469</subfield>
    <subfield code="d">2016-03-11</subfield>
    <subfield code="l">1</subfield>
    <subfield code="o">MNR UNG 2014 B469 Or.7</subfield>
    <subfield code="p">RUA055366</subfield>
    <subfield code="r">2016-06-14</subfield>
    <subfield code="s">2016-05-10</subfield>
    <subfield code="w">2016-03-11</subfield>
    <subfield code="y">MNR</subfield>
  </datafield>
  <datafield tag="952" ind1=" " ind2=" ">
    <subfield code="0">0</subfield>
    <subfield code="1">0</subfield>
    <subfield code="2">ddc</subfield>
    <subfield code="4">0</subfield>
    <subfield code="6">MNR_UNG_2014_000000000000000_B469_OR_8</subfield>
    <subfield code="7">0</subfield>
    <subfield code="9">45119</subfield>
    <subfield code="a">LBB</subfield>
    <subfield code="b">LBB</subfield>
    <subfield code="c">B469</subfield>
    <subfield code="d">2016-03-11</subfield>
    <subfield code="o">MNR UNG 2014 B469 Or.8</subfield>
    <subfield code="p">RUA055416</subfield>
    <subfield code="r">2016-03-11</subfield>
    <subfield code="w">2016-03-11</subfield>
    <subfield code="y">MNR</subfield>
  </datafield>
</record>
